000
002480000a22000970004500
100
1
_a
Mahecha, Guidoberto
245
1
0
_a
La importancia de la conversión
300
_a
vol. 1, núm 1 (1989), Páginas 5
773
0
_t
Impacto Presbiteriano
942
_c
ANA
999
_c
50800
_d
50800